A first book in comprehension, précis and composition = Luyện viết tiếng Anh trình độ sơ và trung cấp /

Cuốn sách giúp các bạn cách học bài đọc hiểu, cách viết câu đơn, viết câu ghép, viết câu phức viết tóm tắt và viết luận, viết các đoạn.

Αποθηκεύτηκε σε:
Λεπτομέρειες βιβλιογραφικής εγγραφής
Κύριος συγγραφέας: Alexander, L. G.
Άλλοι συγγραφείς: Nguyễn Thành Yến (dịch.)
Μορφή: Βιβλίο
Γλώσσα:English
Vietnamese
Έκδοση: Tp.HCM : Nxb Tp.HCM, 1999.
Θέματα:
Ετικέτες: Προσθήκη ετικέτας
Δεν υπάρχουν, Καταχωρήστε ετικέτα πρώτοι!
Thư viện lưu trữ: Mạng thư viện Đại học Đà Nẵng
LEADER 01297cam a2200385 i 4500
001 000047086
003 6619
005 20030918080852.0
008 010220b1999 vm 000 eng
020 |c 16000 
022 |a T 
040 |a IRC  |c IRC  |d IRC 
041 0 |a eng  |a vie 
082 1 4 |a 420  |b AL-L 
100 1 |a Alexander, L. G. 
245 0 2 |a A first book in comprehension, précis and composition =  |b Luyện viết tiếng Anh trình độ sơ và trung cấp /  |c L.G. Alexander ; Nguyễn Thành Yến dịch. 
246 0 1 |a Luyện viết tiếng Anh trình độ sơ và trung cấp. 
260 |a Tp.HCM :  |b Nxb Tp.HCM,  |c 1999. 
300 |a 161tr. ;  |c 20,5cm. 
520 3 |a Cuốn sách giúp các bạn cách học bài đọc hiểu, cách viết câu đơn, viết câu ghép, viết câu phức viết tóm tắt và viết luận, viết các đoạn. 
630 0 4 |a Anh ngữ. 
630 0 4 |a Luyện viết. 
650 0 4 |a English language  |x Writing. 
650 0 4 |a Anh ngữ  |x Ngữ pháp. 
700 1 |a Nguyễn Thành Yến,  |e dịch. 
OWN |a DUT 
999 |a From the UDN01 
TYP |a Monograph 
TYP |a Printed language 
980 |a Mạng thư viện Đại học Đà Nẵng